| 000 | 00000nas##2200000za#4500 |
| 001 | 9.511689 |
| 003 | CaOODSP |
| 005 | 20220505163028 |
| 007 | ta |
| 008 | 150406c2008||||xxc|| p #||||f| |0fre|d |
| 040 | |aCaOODSP|bfre |
| 041 | |aeng |
| 041 | |afre |
| 043 | |an-cn--- |
| 086 | 1 |aHP2-17 |
| 110 | 2 |aAgence de santé publique du Canada. |
| 245 | 10|aAgence de la santé publique du Canada, rapport annuel sur la Loi sur la protection des renseignements personnels |
| 260 | |aOttawa - Ontario : |bAgence de santé publique du Canada |
| 310 | |aAnnuel |
| 520 | 3 |aVise à décrire comment l’Agence s’est acquittée de ses responsabilités en vertu de la Loi sur la protection des renseignement personnels au cours de l’exercice. |
| 691 | 07|aVie privée|2gcpds |
| 776 | 0#|tRapport annuel ... sur la Loi sur la protection des renseignements personnels.|w(CaOODSP)9.502152 |
| 776 | 0#|t... annual report on the Privacy Act|w(CaOODSP)9.505747 |
| 791 | |tPublic Health Agency of Canada annual report on the Privacy Act |eeng|w(CaOODSP)9.511688 |